| 000 | 00807nam a22002177a 4500 | ||
|---|---|---|---|
| 999 |
_c104 _d104 |
||
| 003 | AR-CdUCM | ||
| 008 | 190221b ||||| |||| 00| 0 spa d | ||
| 040 |
_aMUNICIPALIDAD PROVINCIAL DEL CUSCO _cBIBLIOTECA MUNICIPAL DEL CUSCO |
||
| 082 |
_a082.01 / _bD69 |
||
| 100 |
_aDickens, Charles _9500 |
||
| 245 | _aA orillas del Tamesis / | ||
| 260 |
_aMadrid : _bSelecciones Gráficas: Dr: Federico Rubio y Gali, _c1963. |
||
| 300 |
_a1489 paginas ; _c19 cm. |
||
| 505 | _aContenido: Charles Dickens, retrato biográfico -- Papeles póstumos del club Pickwick -- Historia en dos ciudades -- Canción de Navidad -- El secreto del ahorcado. | ||
| 650 |
_aCiudades modernas _9501 |
||
| 650 |
_aNavidad _9502 |
||
| 650 |
_aSecreto oculto _9503 |
||
| 650 |
_aClub Pickwick _9504 |
||
| 942 |
_2ddc _cLIBROS |
||
| 945 | _arum | ||